00681nam a2200169Ia 4500008004100000041000800041082001600049100002300065245010300088260002100191300000800212365001600220700004100236906004900277999001900326952016600345230718s9999 xx 000 0 und d aeng a005.43bSIN aSinghal M.9107147 aAdvanced Concepts In Operating SystemsbDistributed, Database And Multiprocessor Operating Systems bTata McGraw-Hill a522 cRs.b465.00 aSinghal M. & Shivaratri N.G.9107149 dO:0280419-Apr-2012B:7417-Apr-2012cCOMPb930 c330504d330504 00104070aCCEPbCCEPd2012-04-19eTechnical Book ServicesfCOMPg348.75i74l0o005.43pCCEP-BK-41711r2023-07-18 00:00:00t930v465.00w2012-04-17yBKz041711